Countries With The Most National Parks - Statistics

General Stats
  • This quiz has been taken 27 times
  • The average score is 11 of 15
Answer Stats
National Parks Answer % Correct
47 Canada
95%
61 United States
95%
685 Australia
90%
116 India
90%
67 Mexico
90%
112 Russia
90%
75 Brazil
86%
56 Indonesia
81%
156 Thailand
76%
60 Colombia
71%
47 Norway
71%
43 Turkey
67%
46 Venezuela
67%
48 Ukraine
48%
49 Israel
14%
No matching quizzes found
Score Distribution
Percent of People with Each Score
Percentile by Number Answered
Your Score History
You have not taken this quiz